[Event "ARG-ch U18 Girls"]
[Site "Ibague"]
[Date "2024.03.16"]
[Round "5"]
[White "Garay Tocora, Juliana"]
[Black "Buitrago Ramirez, Andry Juliana"]
[Result "1-0"]
[WhiteElo "1536"]
[BlackElo "1400"]
[PlyCount "57"]
[EventDate "2024.03.14"]
[EventType "swiss"]
[EventRounds "7"]
[EventCountry "COL"]
[SourceTitle "CB12_2024"]
[SourceDate "2023.10.01"]
[SourceVersion "1"]
[SourceVersionDate "2023.10.01"]
[SourceQuality "1"]

1. e4 e5 2. Nf3 Nc6 3. Bb5 a6 4. Ba4 b5 5. Bb3 Bc5 6. d3 d6 7. Bg5 Nf6 8. Qe2 h6 9. Be3 Nd4 10. Nxd4 exd4 11. Bf4 0-0 12. 0-0 d5 13. e5 Nd7 14. Bxd5 Rb8 15. Re1 Nb6 16. Bb3 Be6 17. Nd2 Be7 18. Qe4 Bd5 19. Bxd5 Nxd5 20. Qxd4 Nxf4 21. Qxf4 Bg5 22. Qb4 f6 23. Nf3 Re8 24. Qb3+ Kh8 25. Nxg5 hxg5 26. Re3 Kh7 27. Qf7 g4 28. exf6 Rg8 29. Qh5# 1-0